| 000 | 00545nam a22001932 4500 | ||
|---|---|---|---|
| 001 | 0000009848 | ||
| 005 | 20151217155844.0 | ||
| 008 | 081204s xx 000 0 eng d | ||
| 040 |
_aKABU _cKABU |
||
| 100 | 1 |
_aStigand, C. H. _@0000155611 |
|
| 245 | 1 | 0 |
_aEquatoria : _bthe Lado enclave / _cC. H. Stigand. |
| 250 | _a1st ed. | ||
| 260 |
_aLondon : _bConstable, _c1923. |
||
| 300 | _alv, 253 p. | ||
| 651 | 0 |
_aLado Enclave. _@0000161624 |
|
| 852 | 1 | _9p500 KES | |
| 908 | _a081204 | ||
| 950 | _@1 | ||
| 999 |
_c13309 _d13309 |
||